[Event "75th Tata Steel GpA"]
[Site "Wijk aan Zee NED"]
[Date "2013.01.26"]
[Round "12.4"]
[White "Carlsen, Magnus"]
[Black "Nakamura, Hikaru"]
[Result "1-0"]
[WhiteTitle "GM"]
[BlackTitle "GM"]
[WhiteElo "2861"]
[BlackElo "2769"]
[WhiteFideId "1503014"]
[BlackFideId "2016192"]
[EventDate "2013.01.12"]

1. e4 c5 2. Nf3 Nc6 3. d4 cxd4 4. Nxd4 e5 5. Nb5 d6 6. g3 {"I didn't expect
him to play this opening at all. I suspected when I went 6.g3 that he might go
6...h5. I thought we'll have to take it from there. I wasn't particularly
nervous about facing it." - Carlsen.} h5 {"I think h5 is reasonable." -
Carlsen.} (6... a6 {0-1 Berzinsh,R (2478)-Bator,R (2403)/Panormo GRE 2001/The
Week in Chess 360 (52)}) 7. N1c3 {"Just force him to weaken his queenside a
little bit." - Carlsen.} a6 8. Na3 b5 $146 (8... h4 9. Bg2 h3 10. Bf1 b5 11.
Nd5 Nce7 12. Bg5 f6 13. Be3 Nxd5 14. Qxd5 Rb8 15. O-O-O Ne7 16. Qxd6 Qxd6 17.
Rxd6 Nf5 18. Rb6 Rxb6 19. Bxb6 Nd6 20. f3 Be6 21. Bc5 Be7 22. Be2 Nb7 23. Bxe7
Kxe7 24. b3 Nd6 25. c3 g6 26. Nc2 a5 27. Rd1 f5 28. exf5 gxf5 29. Bf1 f4 30.
gxf4 exf4 31. Nd4 Bd7 32. Ne2 Bc6 33. Nxf4 Bxf3 {1-0 Nunn,J (2600)-Short,N 
(2635)/Wijk aan Zee 1990/CBM 017}) 9. Nd5 Nge7 10. Bg2 {"It seemed to me that
with the weaknesses here on the Kingside that I should be a little bit careful
to go 10.c4 immediately. So I went 10.Bg2" - Carlsen.} Bg4 (10... Nxd5 {
"Frankly I thought he was just going to take here." - Carlsen.} 11. exd5 Ne7 {
"I mean compared to what he got in the game this seems like a pretty good deal.
" - Carlsen who suggested a couple of possible continuations for white but he
thought "Black is doing quite reasonably there."} 12. c4 (12. c3 {"followed by
Nc2 and to play for either a4 or f4 at some point." - Carlen.}) 12... Bd7) 11.
f3 Be6 {"He went 11...Be6 which I felt was fairly strange. I think black is
still OK as there is quite a lot of margin for error in the opening in general.
" - Carlsen.} (11... Bd7 {was the move Carlsen expected. "Just to have the
opportunity to take on d5 at some point."} 12. c4 {was Carlsen's probable
continuation.} Nxd5 13. cxd5 Nd4 14. Be3 h4 15. O-O {"It seems to me that I
would be a little bit better." - Carlsen.}) 12. c3 h4 13. Nc2 Bxd5 {"This is
not pretty but I think it's the best way to play right now." - Carlsen.} (13...
h3 14. Bf1 {which actually supports a4 for white.}) (13... Na5 14. Nce3) 14.
exd5 Na5 15. f4 Nf5 (15... hxg3 {"I think he definitely needed to take on g3."
- Carlsen} 16. hxg3 Rxh1+ 17. Bxh1 Qd7 {"Threatening Qh3".} 18. Bg2 exf4 19.
Bxf4 Ng6 {"and Be7 to at least develop some pieces. Although I think white is
definitely for choice." - Carlsen.}) 16. g4 h3 17. Be4 Nh4 (17... Qh4+ {"The
check on h4 is just not dangerous at all." - Carlsen.} 18. Kf1 Nh6 19. g5 (19.
Rg1 {"I think just Rg1 here and I don't see what he can do." - Carlsen.}) 19...
Ng4 20. Qe2 {"and this is just bad [for black]" - Carlsen.}) 18. O-O {"Here I
just castle and all the pieces come into play. Here I thought I was just much
better." - Carlsen.} g6 19. Kh1 {"I thought there was no reason to prevent f5
since I felt it would only weaken his position." - Carlsen.} Bg7 (19... f5 20.
Bd3 e4 21. Be2 {"He has no attack whilst the h3 pawn is weak, I'm going to
push a4 at some point, Nd4-e6 is threatened." - Carlsen.}) 20. f5 gxf5 21. gxf5
Ng2 $2 {"Probably he just missed f6, I don't know." - Carlsen.} 22. f6 Bf8 {
"White is just totally dominating. Now it's not so much fun anymore [for him].
For me it's fun for him not so much." - Carlsen.} (22... Bxf6 23. Qf3 Rh4 24.
Bg5 Rf4 25. Bxf4 {but it's still pretty bad for black, I just go b3  and keep
the knight on a5 and although he has one nice piece on f4 he doesn't really
have much else going for him." - Carlsen.}) 23. Qf3 Qc7 24. Nb4 Nb7 25. Nc6 Nc5
26. Bf5 Nd7 27. Bg5 Rg8 28. Qh5 Nb6 29. Be6 {"Here I'm threatening Ne7 amongst
other things I suppose." - Carlsen.} Rxg5 30. Qxg5 fxe6 31. dxe6 {"This was
nice to finish with, with the mate [with f7+]" - Carlsen.} 1-0